Things karma loves to kill ya for Quiz Stats

Quiz not verified by Sporcle

Challenge
Share
Tweet
Embed
Score 0/14 Timer 10:00
0 Plays Today
what happens sin % Correct
to kill someonemurder
91.4%
taking stuff without permissionstealing
84.5%
killing your selfsuicide
82.8%
picking on someonebullying
74.1%
wanting something someone hasenvy
74.1%
creating fight among countrieswar
60.3%
the killing of one race or ethnic groupgenocide
53.4%
what happens sin % Correct
dont say bad wordscursing
48.3%
making fun of another kind of personracism
39.7%
not the killing of 6 million jews but a creation of large amount of fireholocaust
37.9%
getting something wrongfailure
10.3%
no one thinks its funnyinappropriate humor
10.3%
dont be addicted to a substance but were using the slightly nicer termAlcoholism
8.6%
using an unlucky number to describe yourselfthirteenism
6.9%

You're not logged in!

Compare scores with friends on all Sporcle quizzes.
Sign Up with Email
OR
Log In

You Might Also Like...

Show Comments

Extras

Top Quizzes Today


Score Distribution

Your Account Isn't Verified!

In order to create a playlist on Sporcle, you need to verify the email address you used during registration. Go to your Sporcle Settings to finish the process.

Report this User

Report this user for behavior that violates our Community Guidelines.

Details: